000 00804nas a2200277 4500
001 BR0808134
003 BR-BrBNA
005 20231205112759.0
007 ta
008 230509b bl.|||p| |||| 00| 00por d
040 _aBR-BrBNA
_bpor
_cBiblioteca Nacional de Agricultura
041 _a(Pt)
072 _aL40; L73
100 1 _aFugolim,J.M.B
100 1 _aGradela, A.
245 1 _aPerdas reprodutivas em suínos causadas por infecções urinárias: revisão de literatura
650 _aSUÍNO
650 _aINFECÇÃO
650 _aURINA
650 _aBACTÉRIA
650 _aREPRODUÇÃO
650 _aSUÍNOCULTURA
773 0 _tRevista CFMV (Brazil)
_xISSN 1517-6959
_g(May-Aug 2008), v. 14(44) p.35-43
_wBR0808134
909 _a202311
_bLúcia
_c55
_dLúcia Elande
942 _2AGRIS
_n0
_cANA
999 _c199944
_d199944